000 00912nam a2200253Ia 4500
003 OSt
005 20220923212133.0
006 a|||||r|||| 00| 0
007 ta
008 220922b |||||||| |||| 00| 0 hin d
024 _a151,067
037 _cTextual
040 _aARTS
_cARTS
_bhin
041 _2hin
_ahin
082 _aO152:g, N0
100 _aनरेन्द्र सिंह
245 0 _aआधुनिक साहित्य चिन्तन और कुछ विशिष्ठ साहितयकार
246 _aĀdhunik sāhitya chintan aur kuchh vishiṣhṭha sāhitayakāra
260 _aनई दिल्ली
_b वाणी प्रकाशन
_c1990
300 _a130 पृ.
_ccm.
650 _aसंस्कृत साहित्य
942 _hO152:g, N0
_cTEXL
_2CC
999 _c306740
_d306740